Science in traditional China : A comparative perspective
The world's preeminent authority on Chinese science explores the philosophy, social structure, arts, crafts, and even military strategies that form our understanding of Chinese science, making instructive comparisons along the way to similar elements of Indian, Hellenistic, and Arabic cultures....
Đã lưu trong:
| 主要作者: | |
|---|---|
| 格式: | 圖書 |
| 語言: | Undetermined |
| 出版: |
Hong Kong
Chinese University Press
1981
|
| 主題: | |
| 標簽: |
添加標簽
沒有標簽, 成為第一個標記此記錄!
|
| Thư viện lưu trữ: | Trung tâm Học liệu Trường Đại học Cần Thơ |
|---|
| LEADER | 01135nam a2200229Ia 4500 | ||
|---|---|---|---|
| 001 | CTU_229995 | ||
| 008 | 210402s9999 xx 000 0 und d | ||
| 082 | |a 509.51 | ||
| 082 | |b N374 | ||
| 100 | |a Needham, Joseph | ||
| 245 | 0 | |a Science in traditional China : | |
| 245 | 2 | |b A comparative perspective | |
| 245 | 0 | |c Joseph Needham | |
| 260 | |a Hong Kong | ||
| 260 | |b Chinese University Press | ||
| 260 | |c 1981 | ||
| 520 | |a The world's preeminent authority on Chinese science explores the philosophy, social structure, arts, crafts, and even military strategies that form our understanding of Chinese science, making instructive comparisons along the way to similar elements of Indian, Hellenistic, and Arabic cultures. A major portion of the book concentrates on Taoist alchemy that led not only to the invention of gunpowder and firearms, but also, through the search for macrobiotic life-elixirs, to the rise of modern medical chemistry. | ||
| 650 | |a Khoa học,Science | ||
| 650 | |x Lịch sử,History | ||
| 650 | |z Trung Quốc,China | ||
| 910 | |b dqhieu | ||
| 980 | |a Trung tâm Học liệu Trường Đại học Cần Thơ | ||